000 00762nam0a22002531 4500
001 rc\2812579
005 20250806210820.0
035 _a(NLR Aleph) 006938399
090 _a36410
_c36410
100 _a20110915d1944 u y0rusy50 ca
101 0 _arus
102 _aRU
105 _aa z |||||
200 1 _aПоточное производство инструмента
_fС. Блохин
210 _a[Москва]
_cМоск. большевик
_d1944
215 _a28 с.
_cил., черт.
_d20 см.
700 1 _aБлохин
_bС.
801 0 _aRU
_bNLR
_gpsbo
801 1 _aRU
_bELAR
_2rusmarc
852 _aNLR
_jТ36 Г-4/220
942 _cBOOK
945 _aРоссийская национальная библиотека
980 _aNB
980 _aBV